Письмо председателя Общества помощи уроженцам города Углича барону Николаю Александровичу Врангелю о поднесении ему знака Общест...

Доступно только в Электронных читальных залах Найти на картеНа карте
RUSMARC
00003598nmc2a2200000 x 450
001d2da551c-01fc-4438-b1bf-99844ea79d00
00520151224102856.0
100##$a20150130l19101910k l0rusy0189 ca
1010#$arus
102##$aRU
2001#$aПисьмо председателя Общества помощи уроженцам города Углича барону Николаю Александровичу Врангелю о поднесении ему знака Общества
$j9 марта 1910 г.
251##$cДело
300##$aДело
801#0$aRU
$bРГИА
$c20150130
$gRCR
801#1$aRU
$bГлавНИВЦ
$c20150130
$2rusmarc
801#2$aRU
$bПБ им. Б.Н. Ельцина
$c20151224
$gRCR
$2rusmarc
850##$aРГИА
852##$aРГИА
$eФедеральное казенное учреждение "Российский государственный исторический архив" (РГИА)
$j35
937##$hРГИА
$d12145239
$aASBIBLIO_SCAN
462#0$100146b7a2a3-2139-4c9a-96fd-afbb226c52f6
$12001
$aАрхив барона Николая Александровича Врангеля
$1251
$cОпись
$1852
$j1
461#0$10016e313960-f5d5-45e7-9ba9-a0527011194e
$12001
$aВрангель, барон Николай Александрович (р. 1869), генерал-лейтенант, управляющий делами великого князя михаила Александровича
$1251
$cФонд
$1852
$j920
215##$a1 л.
$d36,5x26 см
371##$aДокумент не является опубликованным и широко распространяемым
105##$ay###
1220#$ad
035##$ad2da551c-01fc-4438-b1bf-99844ea79d00
Формат отображения